000 00495nam a2200169 i 4500
001 88092
003 ES-MaACL
005 20230906175812.0
007 t|
008 050103s1971 sp ||||1| spa d
100 1 _aLafourcade, Agustín.
_969521
245 1 0 _aMás allá en el amor
_b: (Psicología Fundamental) /
_cAgustín Lafourcade.
260 _aMadrid :
_bAzaral,
_c[1971]
300 _a201 p. ;
_c21 cm.
852 _aES-MaACL
_jC-46304
_bR.76970
852 _aES-MaACL
_jL-3137
_bR.103280
999 _c88092
_d88092